Democracia incluyente: la dinámica de la exclusión democrática /

La democracia liberal es una gran filosofía de la inclusión. Sin embargo, también hay algo en la dinámica de la democracia que empuja hacia la exclusión cuyas variedades -incluyendo aquellas supuestamente "neutrales" que emanan del llamado modelo procedimental- Taylor explora incisivamente...

Descrizione completa

Salvato in:
Dettagli Bibliografici
Autore principale: Taylor, Charles
Natura: testo
Soggetti:
Tags: Aggiungi Tag
Nessun Tag, puoi essere il primo ad aggiungerne!!

MARC

LEADER 00000 a a2200000 04500
001 9632
003
040
100 |a Taylor, Charles  
245 |a Democracia incluyente:   |b la dinámica de la exclusión democrática /  |c Charles Taylor 
520 |a La democracia liberal es una gran filosofía de la inclusión. Sin embargo, también hay algo en la dinámica de la democracia que empuja hacia la exclusión cuyas variedades -incluyendo aquellas supuestamente "neutrales" que emanan del llamado modelo procedimental- Taylor explora incisivamente en el presente ensayo, en el que presenta también alternativas a la exclusión democrática. REV/WMV  
650 |a MODERNIZACION  
650 |a LIBERALISMO  
650 |a DEMOCRACIA  
650 |a ESTADO  
650 |a PARTICIPACION DEL ESTADO  
773 |g volumen 5, número 18; páginas 24-37  
999 |c 33829  |d 33829